Députés de la France Inoumise (2024) - Statistiques

Statistiques générales
  • Ce quiz a été pris 335 fois
    328 depuis la dernière actualisation
  • Le résultat moyen est 30 sur 71
Statistiques - réponses
Réponse % Correct
Mathilde Panot 10e Val-de-Marne
97%
Manuel Bompard 4e Bouches-du-Rhône
83%
Clémence Guetté 2e Val-de-Marne
81%
Sébastien Delogu 7e Bouches-du-Rhône
81%
Louis Boyard 3e Val-de-Marne
79%
Danièle Obono 17e Paris
74%
Antoine Léaument 10e Essonne
72%
Aymeric Caron 18e Paris
71%
Raphaël Arnault 1re Vaucluse
71%
David Guiraud 8e Nord
70%
Éric Coquerel 1re Seine-Saint-Denis
65%
Sophia Chikirou 6e Paris
60%
Ugo Bernalicis 2e Nord
56%
Nadège Abomangoli 10e Seine-Saint-Denis
53%
Thomas Portes 3e Seine-Saint-Denis
52%
Aurélien Le Coq 1re Nord
51%
François Piquemal 4e Haute-Garonne
51%
Paul Vannier 5e Val-d'Oise
51%
Sarah Legrain 16e Paris
50%
Aly Diouara 5e Seine-Saint-Denis
48%
Carlos Martens Bilongo 8e Val-d'Oise
48%
Alma Dufour 4e Seine-Maritime
47%
Andy Kerbrat 2e Loire-Atlantique
47%
Marie Mesmeur 1re Ille-et-Vilaine
44%
Aurélie Trouvé 9e Seine-Saint-Denis
43%
Ersilia Soudais 7e Seine-et-Marne
43%
Hadrien Clouet 1re Haute-Garonne
43%
Gabriel Amard 6e Rhône
42%
Claire Lejeune 7e Essonne
41%
Élisa Martin 3e Isère
41%
Pierre-Yves Cadalen 2e Finistère
40%
Anaïs Belouassa-Cherifi 1re Rhône
39%
Damien Maudet 1re Haute-Vienne
39%
Rodrigo Arenas 10e Paris
38%
Aurélien Saintoul 11e Hauts-de-Seine
37%
Christophe Bex 7e Haute-Garonne
37%
Ségolène Amiot 3e Loire-Atlantique
37%
Nathalie Oziol 2e Hérault
36%
René Pilato 1re Charente
35%
Bastien Lachaud 6e Seine-Saint-Denis
34%
Jean-François Coulomme 4e Savoie
34%
Andrée Taurinya 2e Loire
33%
Farida Amrani 1re Essonne
33%
Gabrielle Cathala 6e Val-d'Oise
33%
Jean-Hugues Ratenon 5e Réunion
33%
Loïc Prud'homme 3e Gironde
32%
Bérenger Cernon 8e Essonne
31%
Idir Boumertit 14e Rhône
31%
Mathilde Hignet 4e Ille-et-Vilaine
31%
Aurélien Taché 10e Val-d'Oise
30%
Jean-Philippe Nilor 4e Martinique
30%
Marianne Maximi 1re Puy-de-Dôme
30%
Anne Stambach-Terrenoir 2e Haute-Garonne
29%
Élise Leboucher 4e Sarthe
29%
Matthias Tavel 8e Loire-Atlantique
29%
Arnaud Saint-Martin 1re Seine-et-Marne
28%
Zahia Hamdane 2e Somme
28%
Arnaud Le Gall 9e Val-d'Oise
27%
Emmanuel Fernandes 2e Bas-Rhin
27%
Abdelkader Lahmar 7e Rhône
26%
Jérôme Legavre 12e Seine-Saint-Denis
26%
Karen Erodi 2e Tarn
26%
Laurent Alexandre 2e Aveyron
26%
Manon Meunier 3e Haute-Vienne
26%
Mathilde Feld 12e Gironde
26%
Murielle Lepvraud 4e Côtes-d'Armor
25%
Perceval Gaillard 7e Réunion
25%
Sylvain Carrière 8e Hérault
25%
Sylvie Ferrer 1re Hautes-Pyrénées
25%
Maxime Laisney 10e Seine-et-Marne
21%
Sandrine Nosbé 9e Isère
19%
Aucun quiz correspondant
Distribution des résultats
% des personnes avec chaque résultat
Percentile par nombre de réponses
Votre historique - résultats
Vous n’avez pas pris ce quiz depuis la dernière actualisation